| Tag |
First Indicator |
Second Indicator |
Subfields |
| LEADER |
00000cam a2200000Ma 4500 |
| 001 |
in00003554664 |
| 006 |
m o d |
| 007 |
cr nn||||||||| |
| 008 |
121227s1986 nyua o 000 0 eng d |
| 005 |
20260421180452.7 |
| 020 |
|
|
|a 9781461386551 (electronic bk.)
|
| 020 |
|
|
|a 1461386551 (electronic bk.)
|
| 035 |
|
|
|a (OCoLC)840282922
|
| 040 |
|
|
|a I9W
|b eng
|e pn
|c I9W
|d OCLCQ
|d UV0
|d GW5XE
|d OCLCF
|d UtOrBLW
|
| 049 |
|
|
|a TXAM
|
| 050 |
|
4 |
|a QA440-699
|
| 082 |
0 |
4 |
|a 516
|2 23
|
| 100 |
1 |
|
|a Cornell, Gary.
|
| 245 |
1 |
0 |
|a Arithmetic Geometry /
|c edited by Gary Cornell, Joseph H. Silverman.
|
| 264 |
|
1 |
|a New York, NY :
|b Springer New York,
|c 1986.
|
| 300 |
|
|
|a 1 online resource (XV, 353 pages 5 illustrations)
|
| 336 |
|
|
|a text
|b txt
|2 rdacontent
|
| 337 |
|
|
|a computer
|b c
|2 rdamedia
|
| 338 |
|
|
|a online resource
|b cr
|2 rdacarrier
|
| 520 |
|
|
|a This book is the result of a conference on arithmetic geometry, held July 30 through August 10, 1984 at the University of Connecticut at Storrs, the purpose of which was to provide a coherent overview of the subject. This subject has enjoyed a resurgence in popularity due in part to Faltings' proof of Mordell's conjecture. Included are extended versions of almost all of the instructional lectures and, in addition, a translation into English of Faltings' ground-breaking paper. ARITHMETIC GEOMETRY should be of great use to students wishing to enter this field, as well as those already working in it. This revised second printing now includes a comprehensive index.
|
| 500 |
|
|
|a Electronic resource.
|
| 650 |
|
0 |
|a Mathematics.
|
| 650 |
|
0 |
|a Geometry.
|
| 650 |
|
7 |
|a Geometry.
|2 fast
|0 (OCoLC)fst00940864
|
| 650 |
|
7 |
|a Mathematics.
|2 fast
|0 (OCoLC)fst01012163
|
| 655 |
|
7 |
|a Electronic books.
|2 local
|
| 700 |
1 |
|
|a Silverman, Joseph H.
|
| 710 |
2 |
|
|a SpringerLink (Online service)
|
| 856 |
4 |
0 |
|u http://proxy.library.tamu.edu/login?url=https://link.springer.com/10.1007/978-1-4613-8655-1
|z Connect to the full text of this electronic book
|t 0
|
| 994 |
|
|
|a 92
|b TXA
|
| 999 |
|
|
|a MARS
|
| 999 |
f |
f |
|s f5ca4609-d6e9-3643-a7db-598b4def1d0e
|i 131e08ff-5dbc-390d-a9be-9ade58db8a3e
|t 0
|
| 952 |
f |
f |
|a Texas A&M University
|b College Station
|c Electronic Resources
|s www_evans
|d Available Online
|t 0
|e QA440-699
|h Library of Congress classification
|
| 998 |
f |
f |
|a QA440-699
|t 0
|l Available Online
|